000 01118nam0a22002651 4500
001 rc\2725876
005 20250806200834.0
035 _a(NLR Aleph) 006853355
090 _a7279
_c7279
100 _a20110915d1943 u y0rusy50 ca
101 0 _arus
102 _aRU
105 _ay z |||||
200 1 _aВременные укрупненные производственные нормы времени на восстановительные работы по сооружениям хозяйства радиофикации
_fНар. ком. связи Союза ССР, Воен.-восстановит. упр.
210 _aМосква
_cСвязьиздат
_d1943
215 _a68 с.
_d17 см.
300 _aБез тит. л. Описано по обл.
710 0 1 _aСССР
_bНародный ком. связи
_bВоенно-восстановительное упр-ние
801 0 _aRU
_bNLR
_gpsbo
801 1 _aRU
_bELAR
_2rusmarc
852 _aNLR
_jВ60 Г-2/596
942 _cBOOK
945 _aРоссийская национальная библиотека
980 _aNB
980 _aBV